[Event "GER-ch Seniors 50"]
[Site "Hamburg"]
[Date "2018.07.27"]
[Round "7"]
[White "Gerks, Joachim"]
[Black "Knobel, Dagmar"]
[Result "1/2-1/2"]
[WhiteElo "1794"]
[BlackElo "1459"]
[PlyCount "78"]
[EventDate "2018.07.21"]
[EventType "swiss"]
[EventRounds "9"]
[EventCountry "GER"]
[SourceTitle "CBM 186 Extra"]
[Source "ChessBase"]
[SourceDate "2018.08.24"]
[SourceVersion "1"]
[SourceVersionDate "2018.08.24"]
[SourceQuality "1"]

1. e4 e6 2. d4 d5 3. exd5 exd5 4. Bd3 c5 5. dxc5 Bxc5 6. h3 Nf6 7. Nf3 Nc6 8. 0-0 0-0 9. Re1 Qb6 10. Rf1 Re8 11. Nc3 h6 12. Na4 Qa5 13. Nxc5 Qxc5 14. c3 a5 15. Be3 Qd6 16. Bc2 Be6 17. Nd4 Ne4 18. Nxe6 Rxe6 19. Bb3 Nf6 20. a3 Rd8 21. Qc2 b5 22. Rad1 Ne7 23. Bd4 Qc6 24. Rfe1 Ng6 25. Bxf6 Rxf6 26. Rd4 a4 27. Ba2 Nf4 28. Qd2 g5 29. Re5 Rfd6 30. h4 f6 31. Re1 Re8 32. g3 Rxe1+ 33. Qxe1 Ne6 34. Rb4 Kg7 35. Qe2 d4 36. hxg5 hxg5 37. Bxe6 Rxe6 38. Qd2 dxc3 39. Qxc3 Qxc3 1/2-1/2

[Event "GER-ch Seniors 50"]
[Site "Hamburg"]
[Date "2018.07.25"]
[Round "5"]
[White "Englert, Barbara"]
[Black "Knobel, Dagmar"]
[Result "0-1"]
[WhiteElo "1246"]
[BlackElo "1459"]
[PlyCount "30"]
[EventDate "2018.07.21"]
[EventType "swiss"]
[EventRounds "9"]
[EventCountry "GER"]
[SourceTitle "CBM 186 Extra"]
[Source "ChessBase"]
[SourceDate "2018.08.24"]
[SourceVersion "1"]
[SourceVersionDate "2018.08.24"]
[SourceQuality "1"]

1. e4 e6 2. b3 d5 3. Bb2 c5 4. Nc3 Nc6 5. Nf3 d4 6. Ne2 Bd6 7. c4 Nf6 8. Ng3 Bxg3 9. hxg3 Nxe4 10. Qe2 Nb4 11. d3 Nc3 12. Bxc3 dxc3 13. Qe5 Qf6 14. Qe2 c2 15. Qd2 Qxa1+ 0-1

[Event "GER-ch international (Women)"]
[Site "Bodenmais"]
[Date "2017.08.05"]
[Round "8"]
[White "Von Herman, Brigitte"]
[Black "Knobel, Dagmar"]
[Result "1-0"]
[WhiteElo "2058"]
[BlackElo "1545"]
[PlyCount "47"]
[EventDate "2017.07.29"]
[EventType "swiss"]
[EventRounds "9"]
[EventCountry "GER"]
[SourceTitle "EXT 2019"]
[Source "ChessBase"]
[SourceDate "2018.10.10"]
[SourceVersion "1"]
[SourceVersionDate "2018.10.10"]
[SourceQuality "1"]

1. e4 c5 2. Nf3 e6 3. d3 Nf6 4. Nbd2 Nc6 5. g3 Be7 6. Bg2 Qc7 7. 0-0 d5 8. Re1 dxe4 9. dxe4 0-0 10. c3 b6 11. Qc2 Ba6 12. Qa4 Na5 13. e5 b5 14. Qf4 Nd5 15. Qg4 Qd7 16. Ne4 f5 17. exf6 Nxf6 18. Nxf6+ Rxf6 19. Ne5 Qe8 20. Bxa8 Qxa8 21. Bg5 Rf5 22. Bxe7 Nc6 23. Nxc6 Qxc6 24. Qe4 1-0

[Event "GER-ch international (Women)"]
[Site "Bodenmais"]
[Date "2017.07.30"]
[Round "2"]
[White "Samanci, Aynur"]
[Black "Knobel, Dagmar"]
[Result "1/2-1/2"]
[WhiteElo "1327"]
[BlackElo "1545"]
[PlyCount "38"]
[EventDate "2017.07.29"]
[EventType "swiss"]
[EventRounds "9"]
[EventCountry "GER"]
[SourceTitle "EXT 2019"]
[Source "ChessBase"]
[SourceDate "2018.10.10"]
[SourceVersion "1"]
[SourceVersionDate "2018.10.10"]
[SourceQuality "1"]

1. e4 e6 2. d4 d5 3. exd5 exd5 4. Bd3 Nf6 5. Ne2 Bd6 6. Bg5 0-0 7. Nbc3 Be7 8. Qd2 Be6 9. 0-0-0 Nbd7 10. f3 c5 11. dxc5 Nxc5 12. g4 d4 13. Nxd4 Nxd3+ 14. Qxd3 Bd7 15. Rhe1 Re8 16. Nf5 Bxf5 17. Qxd8 Raxd8 18. Rxd8 Rxd8 19. Rxe7 Bd7 1/2-1/2

[Event "Hamburg-chA"]
[Site "Hamburg"]
[Date "2017.06.10"]
[Round "6"]
[White "Knobel, Dagmar"]
[Black "Boxberger, Dieter"]
[Result "0-1"]
[WhiteElo "1547"]
[BlackElo "1636"]
[PlyCount "90"]
[EventDate "2017.06.03"]
[EventType "swiss"]
[EventRounds "7"]
[EventCountry "GER"]
[SourceTitle "CBM 179 Extra"]
[Source "ChessBase"]
[SourceDate "2017.08.23"]
[SourceVersion "1"]
[SourceVersionDate "2017.08.23"]
[SourceQuality "1"]

1. d4 d5 2. c4 dxc4 3. Nc3 Nf6 4. e3 e6 5. Bxc4 b6 6. Nf3 Nc6 7. 0-0 Be7 8. Re1 0-0 9. b3 Bb7 10. Bb2 a6 11. a4 Nd5 12. Nxd5 exd5 13. Be2 Bd6 14. Ne5 Qh4 15. g3 Qe7 16. Nxc6 Bxc6 17. Qc2 Bd7 18. Bf3 Be6 19. e4 Qg5 20. Bg2 Rac8 21. Qd3 a5 22. f4 Qh5 23. f5 Bd7 24. Bf3 dxe4 25. Bxe4 f6 26. Bd5+ Kh8 27. Be6 Rcd8 28. Qe2 Qxe2 29. Rxe2 Bc6 30. Rc1 Bb7 31. Bc4 h6 32. Bc3 Rfe8 33. Rce1 Rxe2 34. Rxe2 Bf3 35. Re3 Bg4 36. Be6 Re8 37. Kf2 g6 38. d5 Bc5 39. Bxf6+ Kh7 40. fxg6+ Kxg6 41. Be5 Bxe6 42. Bf4 Bxd5 43. Ke2 Bxe3 44. Bxe3 Rxe3+ 45. Kxe3 Bxb3 0-1

[Event "Hamburg-chA"]
[Site "Hamburg"]
[Date "2017.06.03"]
[Round "1"]
[White "Lam, Marvin"]
[Black "Knobel, Dagmar"]
[Result "1-0"]
[WhiteElo "1708"]
[BlackElo "1547"]
[PlyCount "81"]
[EventDate "2017.06.03"]
[EventType "swiss"]
[EventRounds "7"]
[EventCountry "GER"]
[SourceTitle "CBM 179 Extra"]
[Source "ChessBase"]
[SourceDate "2017.08.23"]
[SourceVersion "1"]
[SourceVersionDate "2017.08.23"]
[SourceQuality "1"]

1. e4 e6 2. d4 d5 3. e5 c5 4. c3 Nc6 5. Nf3 Be7 6. Be2 cxd4 7. cxd4 Bb4+ 8. Bd2 Nge7 9. a3 Bxd2+ 10. Qxd2 0-0 11. 0-0 Na5 12. Qc2 Bd7 13. Nbd2 Rc8 14. Qd1 b6 15. b4 Nc4 16. Bxc4 dxc4 17. Rc1 c3 18. Ne4 Nd5 19. Qb3 Bb5 20. Rfe1 Bc4 21. Qd1 Nf4 22. Rxc3 Qd5 23. Nd6 Ne2+ 24. Rxe2 Bxe2 25. Nxc8 Bxd1 26. Ne7+ Kh8 27. Nxd5 exd5 28. Rc7 a6 29. Ng5 Kg8 30. Rb7 h6 31. Nf3 Rc8 32. h3 Rc1 33. Kh2 Rc3 34. Nh4 Rxa3 35. Rxb6 Be2 36. Nf5 Bc4 37. Nd6 Bd3 38. Rb8+ Kh7 39. Nxf7 Rb3 40. e6 Bg6 41. Rh8# 1-0

[Event "BL2 West 1617 (Women)"]
[Site "Germany"]
[Date "2017.03.26"]
[Round "6.6"]
[White "Weber, Daniela"]
[Black "Knobel, Dagmar"]
[Result "1-0"]
[WhiteElo "1388"]
[BlackElo "1583"]
[PlyCount "85"]
[EventDate "2016.10.22"]
[EventType "team-tourn"]
[EventRounds "7"]
[EventCountry "GER"]
[SourceTitle "EXT 2018"]
[Source "ChessBase"]
[SourceDate "2017.10.13"]
[SourceVersion "1"]
[SourceVersionDate "2017.10.13"]
[SourceQuality "1"]
[WhiteTeam "Muenster (W)"]
[BlackTeam "Quickborn Holstein (W)"]
[WhiteTeamCountry "GER"]
[BlackTeamCountry "GER"]

1. e4 e6 2. Nf3 d5 3. exd5 exd5 4. d3 Nf6 5. g3 Be7 6. Bg2 0-0 7. 0-0 Nc6 8. Nc3 Re8 9. Bf4 Bg4 10. Qd2 a6 11. a3 Bc5 12. Rfe1 Qd7 13. Ne5 Nxe5 14. Bxe5 Be7 15. Bxf6 Bxf6 16. Bxd5 c6 17. Bg2 h6 18. Rxe8+ Rxe8 19. Re1 Re6 20. Rxe6 Bxe6 21. Be4 Be5 22. Qe1 Bd4 23. Bg2 b5 24. Nd1 Bb6 25. Qe4 Bd5 26. Qf4 Bc7 27. Qd4 Bd8 28. Bxd5 cxd5 29. c3 Qe6 30. Ne3 Bb6 31. Qxd5 Qe7 32. d4 Kh7 33. Qc6 Qa7 34. Kf1 g6 35. Nd5 Bd8 36. Ke2 h5 37. Qe8 Bg5 38. Ne3 Qb7 39. h4 Bf6 40. d5 Qc7 41. Qc6 Qxc6 42. dxc6 Be5 43. Nd5 1-0

[Event "Hamburg-ch Seniors 23rd"]
[Site "Hamburg"]
[Date "2016.11.10"]
[Round "9"]
[White "Krueger, Dietrich"]
[Black "Knobel, Dagmar"]
[Result "1/2-1/2"]
[WhiteElo "1313"]
[BlackElo "1594"]
[PlyCount "95"]
[EventDate "2016.11.02"]
[EventType "swiss"]
[EventRounds "9"]
[EventCountry "GER"]
[SourceTitle "EXT 2019"]
[Source "ChessBase"]
[SourceDate "2018.10.10"]
[SourceVersion "1"]
[SourceVersionDate "2018.10.10"]
[SourceQuality "1"]

1. Nf3 e6 2. d4 d5 3. Bf4 Nf6 4. e3 Be7 5. Bd3 b6 6. c3 Nbd7 7. Qc2 Bb7 8. Nbd2 c5 9. h3 c4 10. Be2 Rc8 11. g4 Ne4 12. g5 Bxg5 13. Nxe4 dxe4 14. Nxg5 h6 15. Nxe4 0-0 16. Nd6 Bxh1 17. Nxc8 Qxc8 18. 0-0-0 Bb7 19. Rg1 f5 20. Bxh6 Be4 21. Rxg7+ Kh8 22. Qd1 Rg8 23. Qg1 b5 24. Qg6 f4 25. Qxe4 Rxg7 26. Bxg7+ Kxg7 27. Qxe6 fxe3 28. Qg4+ Kf7 29. Qf4+ Kg7 30. Qxe3 Qd8 31. Bg4 Nf6 32. Qe5 a6 33. d5 Kf8 34. d6 a5 35. Qe7+ Qxe7 36. dxe7+ Kxe7 37. b3 Ne4 38. bxc4 bxc4 39. Be2 Nxc3 40. Kd2 Nxa2 41. Bxc4 Nb4 42. Kc3 Kf6 43. f4 Kf5 44. Kb3 Kxf4 45. Ka4 Kg3 46. Be6 Nc6 47. Kb5 Nd4+ 48. Kxa5 1/2-1/2

[Event "GER-ch international (Women)"]
[Site "Bodenmais"]
[Date "2016.08.02"]
[Round "4"]
[White "Beyer, Edith"]
[Black "Knobel, Dagmar"]
[Result "0-1"]
[WhiteElo "1430"]
[BlackElo "1588"]
[PlyCount "84"]
[EventDate "2016.07.30"]
[EventType "swiss"]
[EventRounds "9"]
[EventCountry "GER"]
[SourceTitle "EXT 2019"]
[Source "ChessBase"]
[SourceDate "2018.10.10"]
[SourceVersion "1"]
[SourceVersionDate "2018.10.10"]
[SourceQuality "1"]

1. e4 e6 2. d4 d5 3. e5 c5 4. Nf3 c4 5. Nc3 Bb4 6. Bd2 Bd7 7. a3 Bxc3 8. Bxc3 Ne7 9. b3 b5 10. a4 a5 11. axb5 Bxb5 12. Rb1 a4 13. bxc4 Bxc4 14. Bxc4 dxc4 15. 0-0 0-0 16. Qe2 Qd5 17. Bb4 Nbc6 18. Bxe7 Nxe7 19. c3 h6 20. Nd2 Rfc8 21. Rb4 a3 22. Ra1 Rab8 23. Rxb8 Rxb8 24. Rxa3 Rb2 25. Qd1 Qc6 26. Ra1 Nd5 27. Kf1 Nf4 28. f3 Nd3 29. Ne4 Nf4 30. g3 Nh3 31. Nd2 Rxd2 32. Qxd2 Qxf3+ 33. Ke1 Qh1+ 34. Ke2 Qxa1 35. Ke3 Qa8 36. Qe2 Ng5 37. Kf2 Ne4+ 38. Ke1 Qa1+ 39. Qd1 Qxc3+ 40. Kf1 Qe3 41. Kg2 c3 42. Kh3 Nf2+ 0-1

[Event "GER-ch international (Women)"]
[Site "Bodenmais"]
[Date "2016.08.01"]
[Round "3"]
[White "Sonntag, Gisa"]
[Black "Knobel, Dagmar"]
[Result "1-0"]
[WhiteElo "1845"]
[BlackElo "1588"]
[PlyCount "85"]
[EventDate "2016.07.30"]
[EventType "swiss"]
[EventRounds "9"]
[EventCountry "GER"]
[SourceTitle "EXT 2019"]
[Source "ChessBase"]
[SourceDate "2018.10.10"]
[SourceVersion "1"]
[SourceVersionDate "2018.10.10"]
[SourceQuality "1"]

1. e4 e6 2. d4 d5 3. Nd2 c5 4. exd5 exd5 5. dxc5 Bxc5 6. Nb3 Bb6 7. Bd3 Nf6 8. Bg5 0-0 9. Qf3 Nbd7 10. 0-0-0 Re8 11. Bb5 Re5 12. Bh4 Nf8 13. h3 Ng6 14. Bg3 Rf5 15. Qe2 Nf4 16. Bxf4 Rxf4 17. f3 Nh5 18. Qe1 Rf6 19. Ne2 Re6 20. Qc3 Rxe2 21. Bxe2 Ng3 22. Rhe1 Bf2 23. Bd3 Bxe1 24. Qxe1 Qg5+ 25. Kb1 Bf5 26. Bxf5 Nxf5 27. Rxd5 Rd8 28. g4 h6 29. Rxf5 Qg6 30. a3 Qd6 31. f4 g6 32. Re5 Kg7 33. Qc3 Kh7 34. f5 Rd7 35. fxg6+ fxg6 36. Re8 Rg7 37. Qc8 Rf7 38. Rh8+ Kg7 39. Qg8+ Kf6 40. Rxh6 Rg7 41. Qc8 Rc7 42. Qf5+ Kg7 43. Rxg6+ 1-0

[Event "Niedersachsen-ch op-B"]
[Site "Verden"]
[Date "2015.01.05"]
[Round "7"]
[White "Kuipers, Hartmut"]
[Black "Knobel, Dagmar"]
[Result "1-0"]
[WhiteElo "1052"]
[BlackElo "1325"]
[PlyCount "51"]
[EventDate "2015.01.02"]
[EventType "swiss"]
[EventRounds "7"]
[EventCountry "GER"]
[SourceTitle "EXT 2018"]
[Source "ChessBase"]
[SourceDate "2017.10.13"]
[SourceVersion "1"]
[SourceVersionDate "2017.10.13"]
[SourceQuality "1"]

1. d4 d5 2. c4 e6 3. Nc3 Nf6 4. Nf3 Bb4 5. Bd2 0-0 6. e3 b6 7. a3 Bxc3 8. Bxc3 Bb7 9. Bd3 Nbd7 10. 0-0 c5 11. cxd5 Bxd5 12. dxc5 Nxc5 13. Ne5 Rc8 14. b4 Nb3 15. Qc2 Nxa1 16. Rxa1 Qe8 17. Rc1 g6 18. Qb2 Ne4 19. Bxe4 Bxe4 20. f3 Bb7 21. Ng4 h5 22. Nf6+ Kg7 23. Nxe8+ Kg8 24. Nf6+ Kg7 25. Nd7+ Kg8 26. Nxf8 1-0

[Event "Niedersachsen-ch op-B"]
[Site "Verden"]
[Date "2015.01.03"]
[Round "3"]
[White "Ramme, Georg"]
[Black "Knobel, Dagmar"]
[Result "1-0"]
[WhiteElo "1569"]
[BlackElo "1325"]
[PlyCount "87"]
[EventDate "2015.01.02"]
[EventType "swiss"]
[EventRounds "7"]
[EventCountry "GER"]
[SourceTitle "EXT 2018"]
[Source "ChessBase"]
[SourceDate "2017.10.13"]
[SourceVersion "1"]
[SourceVersionDate "2017.10.13"]
[SourceQuality "1"]

1. Nf3 d5 2. d4 e6 3. c4 Nf6 4. Nc3 c5 5. e3 Be7 6. dxc5 Bxc5 7. Be2 0-0 8. 0-0 Nc6 9. a3 a6 10. b4 Ba7 11. Bb2 b6 12. Qc2 dxc4 13. Bxc4 b5 14. Bd3 Bb7 15. Rad1 Qe7 16. Ne4 Nd5 17. Ng3 g6 18. Ba1 Bxe3 19. fxe3 Nxe3 20. Qb2 f6 21. Rde1 Nxf1 22. Ne4 e5 23. Kxf1 Rad8 24. Nc5 Rfe8 25. Bc2 Nd4 26. Nxd4 Rxd4 27. Nxb7 Rf4+ 28. Kg1 Qxb7 29. Qb3+ Kg7 30. Qe3 Qc7 31. Bb3 e4 32. Rc1 Qd6 33. Rd1 Qc7 34. Rd7+ Qxd7 35. Qxf4 Qc6 36. Qe3 Rd8 37. Bd4 g5 38. Qxg5+ Kf8 39. Qg8+ Ke7 40. Qf7+ Kd6 41. Bc5+ Ke5 42. Qe7+ Kf5 43. Qxd8 h5 44. Bd5 1-0

[Event "Niedersachsen-ch op-B"]
[Site "Verden"]
[Date "2015.01.02"]
[Round "2"]
[White "Knobel, Dagmar"]
[Black "Stelmaszyk, Nico"]
[Result "1/2-1/2"]
[WhiteElo "1325"]
[BlackElo "1504"]
[PlyCount "47"]
[EventDate "2015.01.02"]
[EventType "swiss"]
[EventRounds "7"]
[EventCountry "GER"]
[SourceTitle "EXT 2018"]
[Source "ChessBase"]
[SourceDate "2017.10.13"]
[SourceVersion "1"]
[SourceVersionDate "2017.10.13"]
[SourceQuality "1"]

1. d4 d5 2. c4 e6 3. e3 c5 4. Nf3 Nc6 5. Be2 Nf6 6. 0-0 Be7 7. b3 0-0 8. Bb2 b6 9. dxc5 Bxc5 10. a3 a5 11. Ne5 Nxe5 12. Bxe5 Bd6 13. Bxd6 Qxd6 14. Nc3 Bb7 15. Nb5 Qe7 16. Qd4 Qc5 17. Qxc5 bxc5 18. Rfd1 Rfd8 19. Bf3 Bc6 20. a4 Rd7 21. Ra2 Rad8 22. Rad2 e5 23. cxd5 Bxd5 24. Bxd5 1/2-1/2

[Event "Niedersachsen-ch op-B"]
[Site "Verden"]
[Date "2012.01.03"]
[Round "3"]
[White "Zozulin, Ilja"]
[Black "Knobel, Dagmar"]
[Result "1-0"]
[WhiteElo "885"]
[BlackElo "1247"]
[PlyCount "101"]
[EventDate "2012.01.02"]
[EventType "swiss"]
[EventRounds "7"]
[EventCountry "GER"]
[SourceTitle "EXT 2021"]
[Source "ChessBase"]
[SourceDate "2020.10.23"]
[SourceVersion "1"]
[SourceVersionDate "2020.10.23"]
[SourceQuality "1"]

1. e4 e5 2. Nf3 d6 3. d4 exd4 4. Nxd4 c5 5. Nf3 Be6 6. Nc3 Nf6 7. Bd3 Be7 8. Bf4 Nc6 9. Qe2 Bg4 10. h3 Nd4 11. Qd2 Nxf3+ 12. gxf3 Bxf3 13. Rg1 Nh5 14. Qe3 Nxf4 15. Qxf4 Bh5 16. Rxg7 Bf6 17. Bb5+ Kf8 18. Rg2 a6 19. Ba4 b5 20. Bb3 c4 21. Nd5 Bxb2 22. Rb1 Be5 23. Qh6+ Ke8 24. Qxh5 cxb3 25. cxb3 Qa5+ 26. b4 Qd8 27. f4 Bf6 28. Qf5 Bh4+ 29. Ke2 Be7 30. Rbg1 Rc8 31. Kf3 h6 32. Rg7 Rf8 33. Rh7 a5 34. Rgg7 Qd7 35. Qxd7+ Kxd7 36. Nb6+ Kc6 37. Nxc8 Rxc8 38. Rxf7 Bd8 39. bxa5 Bxa5 40. Rxh6 b4 41. e5 Bc7 42. e6 Re8 43. e7 Kd7 44. Rhh7 d5 45. f5 Bd6 46. f6 Ke6 47. h4 Kf5 48. Ke3 Be5 49. Rf8 d4+ 50. Kd3 Rxe7 51. fxe7+ 1-0

[Event "Niedersachsen-ch open"]
[Site "Verden"]
[Date "2010.01.05"]
[Round "5.70"]
[White "Aldegeerds, Julian"]
[Black "Knobel, Dagmar"]
[Result "1-0"]
[WhiteElo "1378"]
[BlackElo "1150"]
[PlyCount "57"]
[EventDate "2010.01.03"]
[EventType "swiss"]
[EventRounds "7"]
[EventCountry "GER"]
[SourceTitle "EXT 2012"]
[Source "ChessBase"]
[SourceDate "2011.11.24"]
[SourceVersion "1"]
[SourceVersionDate "2011.11.24"]
[SourceQuality "1"]

1. e4 e5 2. Nf3 Nc6 3. Bc4 d6 4. d3 h6 5. Be3 Na5 6. Bb3 Nxb3 7. axb3 Nf6 8. Nc3 Be7 9. h3 Be6 10. Qd2 a6 11. 0-0 c6 12. Na4 c5 13. c4 Nd7 14. Nc3 g5 15. Nh2 0-0 16. f3 f6 17. Ng4 Bxg4 18. fxg4 Rf7 19. Nd5 Nb8 20. Rf5 Nc6 21. Raf1 Kg7 22. h4 Nd4 23. Bxd4 cxd4 24. hxg5 hxg5 25. Qxg5+ fxg5 26. Rxf7+ Kh8 27. Rxe7 b5 28. Rff7 Qg8 29. Nf6 1-0

[Event "Niedersachsen-ch open"]
[Site "Verden"]
[Date "2010.01.05"]
[Round "6.74"]
[White "Knobel, Dagmar"]
[Black "Diederichs, Hannah"]
[Result "1-0"]
[WhiteElo "1150"]
[BlackElo "975"]
[PlyCount "123"]
[EventDate "2010.01.03"]
[EventType "swiss"]
[EventRounds "7"]
[EventCountry "GER"]
[SourceTitle "EXT 2012"]
[Source "ChessBase"]
[SourceDate "2011.11.24"]
[SourceVersion "1"]
[SourceVersionDate "2011.11.24"]
[SourceQuality "1"]

1. d4 e6 2. c4 d5 3. e3 c5 4. dxc5 Bxc5 5. Nf3 Qb6 6. b3 Bb4+ 7. Bd2 Qa5 8. a3 Bxd2+ 9. Qxd2 Qd8 10. Nc3 a6 11. cxd5 Nf6 12. e4 b6 13. Rd1 Bb7 14. dxe6 Qxd2+ 15. Nxd2 fxe6 16. Bc4 Bc8 17. e5 Ng4 18. Nf3 Nc6 19. Rd6 Nd8 20. Rxb6 0-0 21. 0-0 Rf5 22. h3 Nxe5 23. Nxe5 Rxe5 24. Rd1 Nb7 25. Bxa6 Na5 26. Rd8+ Kf7 27. Rxc8 Ra7 28. Nb5 Rd7 29. Nd6+ Kg6 30. Bd3+ Kh6 31. Nf5+ Kg5 32. Rd6 Rb7 33. h4+ Kh5 34. g4+ Kg6 35. Nd4+ Kh6 36. b4 g6 37. Rxe6 Rd5 38. Nf5+ Rxf5 39. Bxf5 Rb5 40. Rc5 Rxc5 41. bxc5 Nc4 42. h5 Kg7 43. hxg6 hxg6 44. Rxg6+ Kf7 45. Ra6 Ne5 46. Kg2 Nd7 47. Bxd7 Ke7 48. g5 Kxd7 49. g6 Ke7 50. g7 Kf7 51. Ra7+ Kg8 52. Ra8+ Kxg7 53. c6 Kg6 54. c7 Kf5 55. c8Q+ Kf4 56. Qe6 Kg5 57. Rg8+ Kf4 58. Qe3+ Kf5 59. Rf8+ Kg6 60. Qg3+ Kh7 61. Rg8 Kh6 62. Rh8# 1-0

[Event "Niedersachsen-ch open"]
[Site "Verden"]
[Date "2010.01.03"]
[Round "2.64"]
[White "Knobel, Dagmar"]
[Black "Vonhoff, Joerg"]
[Result "0-1"]
[WhiteElo "1150"]
[BlackElo "1711"]
[PlyCount "73"]
[EventDate "2010.01.03"]
[EventType "swiss"]
[EventRounds "7"]
[EventCountry "GER"]
[SourceTitle "EXT 2012"]
[Source "ChessBase"]
[SourceDate "2011.11.24"]
[SourceVersion "1"]
[SourceVersionDate "2011.11.24"]
[SourceQuality "1"]

1. d4 Nf6 2. c4 g6 3. Nf3 Bg7 4. e3 0-0 5. Bd3 d5 6. 0-0 b6 7. Nc3 Bb7 8. Re1 Nbd7 9. cxd5 Nxd5 10. Nxd5 Bxd5 11. b3 c5 12. Bb2 Re8 13. e4 Bb7 14. Rb1 cxd4 15. Bxd4 e5 16. Ba1 Qe7 17. Bb5 Red8 18. Qe2 Nc5 19. Nd2 a6 20. Bc4 b5 21. Bd5 Bxd5 22. exd5 Rxd5 23. Ne4 Nxe4 24. Qxe4 Rad8 25. h3 f5 26. Qe3 Rd3 27. Qc1 e4 28. Bxg7 Kxg7 29. Qb2+ Qf6 30. Qxf6+ Kxf6 31. a4 b4 32. Kf1 a5 33. Rb2 Rc8 34. Re3 Rcc3 35. Ke2 Ke5 36. g3 Kd4 37. Rxd3+ 0-1

[Event "Niedersachsen-ch op"]
[Site "Verden"]
[Date "2009.01.04"]
[Round "3"]
[White "Knobel, Dagmar"]
[Black "Moeller, Christian"]
[Result "0-1"]
[WhiteElo "1165"]
[BlackElo "1722"]
[PlyCount "30"]
[EventDate "2009.01.03"]
[EventType "swiss"]
[EventRounds "7"]
[EventCountry "GER"]
[SourceTitle "EXT 2012"]
[Source "ChessBase"]
[SourceDate "2011.11.24"]
[SourceVersion "1"]
[SourceVersionDate "2011.11.24"]
[SourceQuality "1"]

1. d4 Nf6 2. c4 g6 3. Nf3 Bg7 4. e3 d6 5. Bd3 Nbd7 6. 0-0 c5 7. Nc3 0-0 8. Re1 Re8 9. b3 e5 10. dxe5 Ng4 11. Bb2 Ndxe5 12. Rb1 Nxf3+ 13. Qxf3 Qa5 14. Nd5 Bxb2 15. Rxb2 Qxe1+ 0-1